Sharjah Art Foundation Library

المفهوم التراجيدي و الدراما الحديثية/ (Record no. 6652)

MARC details
000 -LEADER
fixed length control field 00583nam a2200157Ia 4500
001 - CONTROL NUMBER
control field 6652
008 - FIXED-LENGTH DATA ELEMENTS--GENERAL INFORMATION
fixed length control field 260622s9999 xx 000 0 und d
245 #0 - TITLE STATEMENT
Title المفهوم التراجيدي و الدراما الحديثية/
Statement of responsibility, etc. د. فوزي فهمي أحمد
260 ## - PUBLICATION, DISTRIBUTION, ETC.
Name of publisher, distributor, etc. مركز الشارقة للإبداع الفكري، دائرة الثقافة والإعلام؛
300 ## - PHYSICAL DESCRIPTION
Extent 236p;
Dimensions 21x14cm
490 ## - SERIES STATEMENT
Series statement مكتبة المسرح؛
Volume/sequential designation 19
546 ## - LANGUAGE NOTE
Language note Arabic
650 ## - SUBJECT ADDED ENTRY--TOPICAL TERM
Topical term or geographic name entry element PN2000-3307 Literature- Dramatic representation. The theater
651 ## - SUBJECT ADDED ENTRY--GEOGRAPHIC NAME
Geographic name Arab World
942 ## - ADDED ENTRY ELEMENTS (KOHA)
Koha item type Book
Holdings
Withdrawn status Lost status Damaged status Not for loan Collection Home library Current library Date acquired Total Checkouts Full call number Barcode Date last seen Price effective from Koha item type
        Language and Literature SAF Reference Library SAF Reference Library 06/22/2026   PN2000-3307 10.874 6652 06/22/2026 06/22/2026 Book

Copyright © 2022. Sharjah Art Foundation. All Rights Reserved.